[Event "Quebec-ch reserve"]
[Site "Montreal CAN"]
[Date "1988.06.13"]
[Round "5"]
[White "Bergeron, Marc"]
[Black "Fraser, Michel"]
[Result "0-1"]
[WhiteElo "1756"]
[BlackElo "2094"]
[PlyCount "82"]
[GameId "2160767912586272"]
[EventDate "1988.06.09"]
[EventType "tourn"]
[EventRounds "7"]
[EventCountry "CAN"]
[SourceTitle "EXT 88ch2"]

1. e4 e6 2. d4 d5 3. Nc3 Bb4 4. e5 Qd7 5. a3 Bxc3+ 6. bxc3 b6 7. a4 Ba6 8. Bxa6 Nxa6 9. Qe2 Nb8 10. a5 Nc6 11. axb6 cxb6 12. Nf3 Na5 13. Nd2 Rc8 14. Ra3 Ne7 15. O-O h5 16. Bb2 Nc4 17. Nxc4 Rxc4 18. Rfa1 Nc6 19. f4 g6 20. Qf3 Na5 21. g3 Rc7 22. Kf2 Nc4 23. R3a2 Nd2 24. Qd3 Ne4+ 25. Kg2 h4 26. Ra4 hxg3 27. hxg3 Rh3 28. Rxa7 Rxg3+ 29. Qxg3 Nxg3 30. Rxc7 Qxc7 31. Ra8+ Kd7 32. Rf8 Kc6 33. Kxg3 Kb5 34. Ra8 Qb7 35. Ra1 Qc8 36. Kg2 Kc6 37. Ra7 Qg8 38. Ba3 g5 39. Kf3 g4+ 40. Kg3 Qg6 41. Bd6 Qh5 0-1

[Event "Quebec-ch reserve"]
[Site "Montreal CAN"]
[Date "1988.06.13"]
[Round "5"]
[White "Lapierre, Yves"]
[Black "Desjardins, Andre"]
[Result "1-0"]
[WhiteElo "1843"]
[BlackElo "1939"]
[PlyCount "97"]
[GameId "2160767912586273"]
[EventDate "1988.06.09"]
[EventType "tourn"]
[EventRounds "7"]
[EventCountry "CAN"]
[SourceTitle "EXT 88ch2"]

1. Nf3 Nf6 2. c4 g6 3. g3 Bg7 4. Bg2 O-O 5. O-O d6 6. d4 Nc6 7. d5 Na5 8. Nbd2 c5 9. Re1 e5 10. a3 b6 11. e4 a6 12. Qc2 Bd7 13. Nh4 Nh5 14. Bf3 Nf4 15. Nf1 Nh3+ 16. Kh1 f5 17. exf5 g5 18. Bxg5 Nxg5 19. Bg2 Nf7 20. Be4 Qf6 21. Ne3 Nh6 22. Rg1 b5 23. b3 bxc4 24. bxc4 Rab8 25. Rab1 Kh8 26. Rxb8 Rxb8 27. Rb1 Qd8 28. Nf3 Bf6 29. h4 Nf7 30. Rxb8 Qxb8 31. Ng4 Kg7 32. Nxf6 Kxf6 33. g4 h6 34. Qc3 Nb3 35. Qe3 Nd4 36. g5+ hxg5 37. hxg5+ Ke7 38. f6+ Kd8 39. g6 Kc7 40. g7 Nf5 41. Qc1 N5h6 42. Ng5 Ng4 43. Ne6+ Kb7 44. Qb1+ Bb5 45. Bg6 Ngh6 46. cxb5 a5 47. Bxf7 Nxf7 48. Qh7 Nh6 49. g8=Q+ 1-0

[Event "Quebec-ch reserve"]
[Site "Montreal CAN"]
[Date "1988.06.13"]
[Round "5"]
[White "Therrien, Michel"]
[Black "Desforges, Jean"]
[Result "0-1"]
[WhiteElo "1861"]
[BlackElo "1908"]
[PlyCount "112"]
[GameId "2160767912586274"]
[EventDate "1988.06.09"]
[EventType "tourn"]
[EventRounds "7"]
[EventCountry "CAN"]
[SourceTitle "EXT 88ch2"]

1. e4 d5 2. exd5 Nf6 3. d4 Nxd5 4. c4 Nb6 5. Nc3 g6 6. c5 Nd5 7. Bc4 c6 8. Qb3 e6 9. Nf3 b5 10. Bd3 Nxc3 11. bxc3 Bxc5 12. Bxb5 Bd6 13. Bc4 O-O 14. Bg5 Be7 15. Bxe7 Qxe7 16. O-O Nd7 17. Rfe1 Rb8 18. Qc2 Nb6 19. Rab1 Bb7 20. Bd3 c5 21. Be4 Rfc8 22. Qd2 Nc4 23. Rxb7 Rxb7 24. Qe2 Nd6 25. Bxb7 Qxb7 26. Qe5 Qc6 27. dxc5 Qxc5 28. g3 Qxe5 29. Rxe5 Rxc3 30. Kg2 Ra3 31. Re2 Nb5 32. Rb2 a6 33. Ne5 Kg7 34. Rd2 Kf6 35. f4 Rc3 36. Kh3 Rc7 37. Kg4 h5+ 38. Kf3 g5 39. a4 Na7 40. Rd7 Rxd7 41. Nxd7+ Ke7 42. Nc5 g4+ 43. Ke4 f5+ 44. Kd4 Nc6+ 45. Kc4 e5 46. fxe5 Nxe5+ 47. Kd5 Nf3 48. Nxa6 Nxh2 49. Ke5 h4 50. Nb4 h3 51. a5 Nf3+ 52. Kf4 h2 53. a6 h1=Q 54. a7 Ke6 55. Ke3 Qg1+ 56. Kd3 Qxa7 0-1

[Event "Quebec-ch reserve"]
[Site "Montreal CAN"]
[Date "1988.06.14"]
[Round "6"]
[White "Belanger, Jacques"]
[Black "Therrien, Michel"]
[Result "1-0"]
[WhiteElo "1962"]
[BlackElo "1861"]
[PlyCount "49"]
[GameId "2160767912586275"]
[EventDate "1988.06.09"]
[EventType "tourn"]
[EventRounds "7"]
[EventCountry "CAN"]
[SourceTitle "EXT 88ch2"]

1. e4 c5 2. Nf3 Nc6 3. d4 cxd4 4. Nxd4 Nf6 5. Nc3 e5 6. Ndb5 d6 7. a4 a6 8. Na3 Be6 9. Bg5 Be7 10. Bxf6 Bxf6 11. Nc4 Nd4 12. Nd5 Bg5 13. c3 Bxd5 14. exd5 Nf5 15. a5 O-O 16. Nb6 Rb8 17. Bd3 e4 18. Bxe4 Re8 19. Qd3 Qe7 20. Ra4 Ng3 21. hxg3 f5 22. f3 Qf7 23. Kf2 fxe4 24. Rxe4 g6 25. Rhe1 1-0

[Event "Quebec-ch reserve"]
[Site "Montreal CAN"]
[Date "1988.06.14"]
[Round "6"]
[White "Desforges, Jean"]
[Black "Lapierre, Yves"]
[Result "0-1"]
[WhiteElo "1908"]
[BlackElo "1843"]
[PlyCount "98"]
[GameId "2160767912586276"]
[EventDate "1988.06.09"]
[EventType "tourn"]
[EventRounds "7"]
[EventCountry "CAN"]
[SourceTitle "EXT 88ch2"]

1. d4 Nf6 2. c4 c5 3. Nf3 e6 4. g3 g6 5. Bg2 Bg7 6. O-O O-O 7. Nc3 Na6 8. Bf4 d5 9. cxd5 Nxd5 10. Nxd5 exd5 11. b3 b6 12. Rc1 Bb7 13. Be3 Rc8 14. Bh3 f5 15. Bg5 Bf6 16. Bxf6 Qxf6 17. Qd2 Rce8 18. Bg2 Re7 19. Rfe1 Rfe8 20. e3 h6 21. Ne5 g5 22. f4 Rd8 23. Red1 g4 24. Qe1 h5 25. Rd2 h4 26. Rcd1 h3 27. Bh1 Nc7 28. Rc1 Ne6 29. Qd1 cxd4 30. Nc6 Red7 31. exd4 Rc8 32. Ne5 Rdc7 33. Rdc2 Rxc2 34. Rxc2 Qd8 35. Rd2 Qc7 36. Qb1 Qc1+ 37. Rd1 Qxb1 38. Rxb1 Nxd4 39. Rd1 Ne2+ 40. Kf2 Rc2 41. Ke1 Nc3 42. Rd3 Rxh2 43. Bf3 Ne4 44. Bxe4 fxe4 45. Rc3 Ba6 46. Nxg4 Re2+ 47. Kd1 d4 48. Rc7 Rxa2 49. Rd7 Be2+ 0-1

[Event "Quebec-ch reserve"]
[Site "Montreal CAN"]
[Date "1988.06.14"]
[Round "6"]
[White "Desjardins, Andre"]
[Black "Bergeron, Marc"]
[Result "0-1"]
[WhiteElo "1939"]
[BlackElo "1756"]
[PlyCount "104"]
[GameId "2160767912586277"]
[EventDate "1988.06.09"]
[EventType "tourn"]
[EventRounds "7"]
[EventCountry "CAN"]
[SourceTitle "EXT 88ch2"]

1. c4 f5 2. e4 fxe4 3. d3 Nf6 4. dxe4 Nxe4 5. Bd3 Nf6 6. Nf3 d5 7. Qc2 Nc6 8. O-O g6 9. Nc3 d4 10. Ne4 e5 11. Bg5 Be7 12. Bh6 Bd7 13. Neg5 Bf8 14. Bxf8 Kxf8 15. a3 a5 16. Rae1 h6 17. Ne4 Nxe4 18. Bxe4 Qf6 19. Bxg6 Rg8 20. Be4 Bh3 21. Nd2 Qg7 22. g3 Bxf1 23. Rxf1 Ke7 24. Nb3 Nd8 25. f4 c6 26. Bg2 Kd6 27. Qd2 c5 28. Nxa5 Re8 29. Nb3 e4 30. Rd1 Nc6 31. Qf2 b6 32. f5 Qf6 33. Qf4+ Kd7 34. Bxe4 Rad8 35. Nc1 Ne5 36. b3 Kc8 37. Nd3 Nxd3 38. Bxd3 Re3 39. Kf2 Qg5 40. Qxg5 hxg5 41. b4 Kd7 42. bxc5 bxc5 43. Bf1 Rxa3 44. Rb1 Ke8 45. Rb5 d3 46. Rxc5 d2 47. Be2 d1=Q 48. Bxd1 Rxd1 49. Kg2 g4 50. Re5+ Kf7 51. Re2 Rc1 52. h3 Rxc4 0-1

[Event "Quebec-ch reserve"]
[Site "Montreal CAN"]
[Date "1988.06.14"]
[Round "6"]
[White "Rousseau, Daniel"]
[Black "Fraser, Michel"]
[Result "0-1"]
[WhiteElo "1965"]
[BlackElo "2094"]
[PlyCount "66"]
[GameId "2160767912586278"]
[EventDate "1988.06.09"]
[EventType "tourn"]
[EventRounds "7"]
[EventCountry "CAN"]
[SourceTitle "EXT 88ch2"]

1. e4 e6 2. d4 d5 3. Nd2 Nf6 4. e5 Nfd7 5. Bd3 c5 6. c3 Nc6 7. Ne2 cxd4 8. cxd4 Nb6 9. O-O Bd7 10. f4 g6 11. Nf3 h5 12. Bd2 Nc8 13. Qb1 N8e7 14. g3 a5 15. b3 Nb4 16. Bxb4 axb4 17. h3 Nf5 18. Kf2 Be7 19. Qb2 Qa5 20. Rg1 O-O-O 21. a3 bxa3 22. Qc2+ Qc7 23. Qa2 Bb4 24. Rgc1 Bc6 25. Nc3 Qb6 26. Na4 Qa7 27. Bxf5 gxf5 28. Nc5 Kb8 29. Ng5 Rdf8 30. Ke3 Bb5 31. Qg2 Rc8 32. Nxf7 Rxc5 33. Nxh8 Rc3+ 0-1

[Event "Quebec-ch reserve"]
[Site "Montreal CAN"]
[Date "1988.06.16"]
[Round "7"]
[White "Bergeron, Marc"]
[Black "Desforges, Jean"]
[Result "1-0"]
[WhiteElo "1756"]
[BlackElo "1908"]
[PlyCount "30"]
[GameId "2160767912586279"]
[EventDate "1988.06.09"]
[EventType "tourn"]
[EventRounds "7"]
[EventCountry "CAN"]
[SourceTitle "EXT 88ch2"]

1. e4 d5 2. exd5 Nf6 3. Bb5+ Bd7 4. Bc4 b5 5. Bb3 Bg4 6. Nf3 Nxd5 7. Nc3 Nxc3 8. Ne5 Qd4 9. Qxg4 Qxe5+ 10. Kf1 f5 11. Qf3 Ne4 12. d3 c5 13. dxe4 c4 14. exf5 Qd6 15. Bf4 Qc6 1-0

[Event "Quebec-ch reserve"]
[Site "Montreal CAN"]
[Date "1988.06.16"]
[Round "7"]
[White "Lapierre, Yves"]
[Black "Belanger, Jacques"]
[Result "1-0"]
[WhiteElo "1843"]
[BlackElo "1962"]
[PlyCount "123"]
[GameId "2160767912586281"]
[EventDate "1988.06.09"]
[EventType "tourn"]
[EventRounds "7"]
[EventCountry "CAN"]
[SourceTitle "EXT 88ch2"]

1. d4 Nf6 2. c4 g6 3. Nc3 Bg7 4. e4 d6 5. f3 O-O 6. Be3 e5 7. d5 c6 8. Qd2 cxd5 9. cxd5 a6 10. O-O-O b5 11. Bd3 Nbd7 12. g4 h5 13. h3 Qa5 14. Kb1 b4 15. Nce2 Nc5 16. Nc1 Bd7 17. Nb3 Nxb3 18. axb3 Rfc8 19. Ne2 Bb5 20. Rc1 Rcb8 21. Rc2 Qd8 22. Bxb5 Rxb5 23. Rc6 a5 24. Qd3 Rbb8 25. Ra6 Rxa6 26. Qxa6 Ra8 27. Qc6 hxg4 28. hxg4 Rc8 29. Qb6 Qxb6 30. Bxb6 Ra8 31. Rc1 Nh7 32. Rc6 Bf8 33. Bc7 Ng5 34. Ng1 a4 35. bxa4 Rxa4 36. b3 Ra7 37. Bxd6 Bxd6 38. Rxd6 Rc7 39. Rb6 Rc3 40. Rxb4 Re3 41. Kc2 Re1 42. d6 Rxg1 43. d7 Ne6 44. Rb8+ Kg7 45. Re8 Nd4+ 46. Kb2 Nc6 47. Rc8 Rd1 48. Rxc6 Rxd7 49. b4 Kf8 50. Kb3 Ke8 51. b5 Kd8 52. Kb4 Rd3 53. Rc3 Rd1 54. b6 Rb1+ 55. Ka5 Ra1+ 56. Kb5 Rb1+ 57. Ka6 Ra1+ 58. Kb7 Ra2 59. Rc7 Ke8 60. Kb8 Ra3 61. b7 f5 62. Kc8 1-0

[Event "Quebec-ch reserve"]
[Site "Montreal CAN"]
[Date "1988.06.16"]
[Round "7"]
[White "Therrien, Michel"]
[Black "Rousseau, Daniel"]
[Result "1/2-1/2"]
[WhiteElo "1861"]
[BlackElo "1965"]
[PlyCount "112"]
[GameId "2160767912586282"]
[EventDate "1988.06.09"]
[EventType "tourn"]
[EventRounds "7"]
[EventCountry "CAN"]
[SourceTitle "EXT 88ch2"]

1. e4 e5 2. Nf3 Nc6 3. Bb5 a6 4. Ba4 Nf6 5. O-O b5 6. Bb3 Bc5 7. c3 d6 8. d4 Bb6 9. Bd5 Nxd5 10. exd5 Ne7 11. dxe5 dxe5 12. Nxe5 Qxd5 13. Qxd5 Nxd5 14. Re1 O-O 15. a4 f6 16. Nf3 Rb8 17. axb5 axb5 18. Na3 Bd7 19. Rd1 Bc6 20. Nxb5 Rbd8 21. Nbd4 Bd7 22. c4 Nb4 23. Bd2 Nd3 24. Bc3 Ne5 25. b3 Bg4 26. Rd2 Rd6 27. Rad1 Rfd8 28. Nxe5 Bxd1 29. Nec6 R8d7 30. Bb4 Bxd4 31. Bxd6 Rxd6 32. Rxd4 Bxb3 33. Rxd6 cxd6 34. Na5 Ba2 35. f3 Kf8 36. Kf2 Ke7 37. Ke3 Ke6 38. Kd4 Bb1 39. Nb7 Bc2 40. c5 dxc5+ 41. Nxc5+ Kf5 42. Kc3 Bb1 43. Kb2 Kf4 44. Kxb1 Ke3 45. Kc2 Kf2 46. Kd2 Kxg2 47. Ke3 Kxh2 48. Ne4 Kg2 49. f4 h5 50. f5 h4 51. Kf4 h3 52. Kg4 h2 53. Ng3 Kf2 54. Kh3 Kg1 55. Ne2+ Kf2 56. Ng3 Kg1 1/2-1/2

[Event "Quebec-ch scolaire"]
[Site "Montreal CAN"]
[Date "1988.05.01"]
[Round "1"]
[White "Charest, Johanne"]
[Black "Roy, Patrick"]
[Result "1-0"]
[WhiteElo "1275"]
[BlackElo "999"]
[PlyCount "69"]
[GameId "2160767912586334"]
[EventDate "1988.05.01"]
[EventType "swiss"]
[EventRounds "4"]
[EventCountry "CAN"]

1. e4 e5 2. Nf3 Nc6 3. Bc4 Nf6 4. Ng5 d6 5. Nxf7 Qe7 6. Nxh8 Bg4 7. f3 Bd7 8. Bf7+ Kd8 9. Bc4 Be6 10. Bxe6 Qxe6 11. c3 Qg8 12. Qb3 Qxh8 13. Qxb7 Rb8 14. Qxc6 Rb6 15. Qa4 Rb7 16. d4 Nd7 17. dxe5 Nb6 18. Qd1 Qg8 19. exd6 Bxd6 20. Bg5+ Ke8 21. e5 Rb8 22. exd6 Qe6+ 23. Kf2 Rd8 24. Re1 Rxd6 25. Rxe6+ Rxe6 26. Na3 h6 27. Qd8+ Kf7 28. Bh4 Re8 29. Qxc7+ Re7 30. Qxe7+ Kg6 31. Rd1 Nc8 32. Qe4+ Kf7 33. Rd7+ Ne7 34. Qxe7+ Kg8 35. Qxg7# 1-0

[Event "Quebec-ch scolaire"]
[Site "Montreal CAN"]
[Date "1988.05.01"]
[Round "3"]
[White "Charest, Johanne"]
[Black "Di Giovanni, Julian"]
[Result "1-0"]
[WhiteElo "1215"]
[BlackElo "1227"]
[PlyCount "97"]
[GameId "2160767912586336"]
[EventDate "1988.05.01"]
[EventType "swiss"]
[EventRounds "4"]
[EventCountry "CAN"]

1. e4 c5 2. Nf3 d6 3. d4 cxd4 4. Nxd4 Nf6 5. Nc3 g6 6. Be2 Bg7 7. f4 O-O 8. O-O Bd7 9. Be3 Bc6 10. Bf3 Nbd7 11. Nb3 a6 12. Qe2 Rc8 13. Rac1 e6 14. Rfd1 Qe7 15. Kh1 e5 16. fxe5 Qxe5 17. Bf2 Rfe8 18. Bg3 Qe6 19. Rxd6 Qe7 20. Re1 Ne5 21. Bxe5 Qxe5 22. Rdd1 Bf8 23. a3 Bd6 24. g3 Rcd8 25. Nd2 Rd7 26. Nc4 Qe6 27. e5 Bxf3+ 28. Qxf3 Bxe5 29. Nxe5 Rxd1 30. Qxd1 Nd7 31. Nf3 Ne5 32. Nxe5 Qf5 33. Nd3 Rxe1+ 34. Qxe1 Qf3+ 35. Kg1 Qf6 36. Qe8+ Kg7 37. Qe5 Qxe5 38. Nxe5 b5 39. Kf2 Kf6 40. Nc6 h5 41. Nb8 a5 42. Nxb5 Kg5 43. Kf3 f5 44. c4 h4 45. c5 hxg3 46. hxg3 Kf6 47. c6 g5 48. c7 g4+ 49. Kf4 1-0

[Event "Queens En Prise"]
[Site "Kingston CAN"]
[Date "1988.??.??"]
[Round "?"]
[White "Saleh, Maher"]
[Black "Armstrong, John"]
[Result "0-1"]
[WhiteElo "2190"]
[BlackElo "2280"]
[PlyCount "50"]
[GameId "2160767912583430"]
[EventDate "1988.??.??"]
[EventType "swiss"]
[EventRounds "5"]
[EventCountry "CAN"]
[SourceTitle "CFC 1989.02"]

1. Nf3 g6 2. g3 Bg7 3. d4 Nf6 4. c4 O-O 5. Bg2 c6 6. O-O d6 7. Nc3 Nbd7 8. Qc2 e5 9. Rd1 Qa5 10. e4 b5 11. c5 dxc5 12. dxc5 Re8 13. Rb1 b4 14. Na4 Nxe4 15. Nxe5 Nxe5 16. Bxe4 Bg4 17. Rd6 Nf3+ 18. Kh1 Ne1 19. Qc4 Rxe4 20. Qxe4 Bf3+ 21. Qxf3 Nxf3 22. b3 Qb5 23. Be3 Re8 24. Rbd1 Rxe3 25. fxe3 Qe2 0-1

[Event "RA Autumn Frost"]
[Site "Ottawa CAN"]
[Date "1988.11.??"]
[Round "?"]
[White "Barclay, Wayne"]
[Black "Gelblum, Robert"]
[Result "1-0"]
[WhiteElo "2212"]
[BlackElo "2187"]
[PlyCount "81"]
[GameId "2160767912583431"]
[EventDate "1988.??.??"]
[EventType "tourn"]
[EventRounds "6"]
[EventCountry "CAN"]
[SourceTitle "CFC 1989.02"]

1. d4 Nf6 2. c4 c5 3. d5 b5 4. cxb5 a6 5. bxa6 Bxa6 6. Nc3 d6 7. Nf3 g6 8. e4 Bxf1 9. Kxf1 Nbd7 10. g3 Bg7 11. Kg2 O-O 12. h3 Qb6 13. Re1 Ne8 14. Re2 Nc7 15. Bg5 Rfe8 16. Rb1 h6 17. Bf4 Reb8 18. e5 g5 19. e6 gxf4 20. exd7 e6 21. dxe6 fxe6 22. Re4 fxg3 23. fxg3 Rf8 24. Rg4 Qc6 25. Qd3 Kh8 26. Rf1 Rf5 27. Qe4 d5 28. Qa4 Qd6 29. Qd1 Raf8 30. Ne4 Qc6 31. Qd2 Qxd7 32. Nxc5 Qc6 33. Nd3 d4 34. Nf4 Kh7 35. Rc1 Qb7 36. Rxg7+ Kxg7 37. Rxc7+ Qxc7 38. Nxe6+ Kh7 39. Nxc7 Rxf3 40. Qxd4 Rf1 41. Qd3+ 1-0

[Event "Recoltes"]
[Site "Montreal CAN"]
[Date "1988.09.24"]
[Round "2"]
[White "Lesperance, Pierre"]
[Black "Charest, Johanne"]
[Result "1-0"]
[WhiteElo "1622"]
[BlackElo "1355"]
[PlyCount "115"]
[GameId "2160767912520294"]
[EventDate "1988.09.23"]
[EventType "swiss"]
[EventRounds "5"]
[EventCountry "CAN"]

1. d4 d5 2. c4 c6 3. Nf3 Nf6 4. Nc3 e6 5. Bg5 Nbd7 6. e3 Be7 7. Bd3 dxc4 8. Bxc4 O-O 9. O-O b6 10. e4 Bb7 11. e5 Nd5 12. Bxe7 Qxe7 13. Ne4 c5 14. Nd6 Bc6 15. dxc5 Nxc5 16. Nd4 Bd7 17. Qg4 f6 18. N4f5 exf5 19. Bxd5+ Kh8 20. Nxf5 Bxf5 21. Qxf5 fxe5 22. Qh3 Rad8 23. Rad1 b5 24. b4 Na6 25. Be4 h6 26. Rxd8 Qxd8 27. Qe6 Qf6 28. Qxf6 gxf6 29. a3 Nc7 30. Rc1 Rd8 31. Kf1 Ne6 32. Rc6 Nf4 33. Ke1 f5 34. Bxf5 Nxg2+ 35. Kf1 Nf4 36. Rxh6+ Kg8 37. Ke1 Ng2+ 38. Ke2 Nf4+ 39. Ke3 Rd4 40. Be4 Rc4 41. Rc6 Rd4 42. Rc8+ Kf7 43. Rc7+ Kf6 44. Rxa7 Kg5 45. Rc7 Ne6 46. Rc6 Kf6 47. Bc2 Ke7 48. Bb3 Nf4 49. Rc3 Ng2+ 50. Kf3 Nh4+ 51. Kg3 Nf5+ 52. Kg2 Nh4+ 53. Kf1 Ng6 54. Rc5 Rd3 55. Bc2 Rd6 56. Bxg6 Rxg6 57. Rxe5+ Kd7 58. Rxb5 1-0

[Event "Recoltes"]
[Site "Montreal CAN"]
[Date "1988.09.24"]
[Round "3"]
[White "Charest, Johanne"]
[Black "O'Connor, Michael"]
[Result "0-1"]
[WhiteElo "1355"]
[BlackElo "1521"]
[PlyCount "76"]
[GameId "2160767912520295"]
[EventDate "1988.09.23"]
[EventType "swiss"]
[EventRounds "5"]
[EventCountry "CAN"]

1. e4 c5 2. Nf3 e6 3. a3 Nc6 4. d4 cxd4 5. Nxd4 Nf6 6. Nc3 a6 7. Be2 Be7 8. Be3 d6 9. Qd2 O-O 10. f4 Qc7 11. g4 Nxd4 12. Bxd4 e5 13. fxe5 dxe5 14. Be3 Bxg4 15. Bxg4 Nxg4 16. Rg1 Nxe3 17. Qxe3 Bc5 18. Qg5 Bxg1 19. Qxg1 Rad8 20. h4 Qe7 21. Qg3 Rd4 22. h5 h6 23. Nd5 Rxe4+ 24. Kf2 Qc5+ 25. Ne3 Rd8 26. Rg1 Rd2+ 27. Kf1 Qf8 28. Qf3 Rf4 29. Qxf4 exf4 30. Ng2 f3 31. Nf4 Qe7 32. b4 Re2 33. c4 Re1+ 34. Kf2 Qe3+ 35. Kg3 Qxg1+ 36. Kh3 f2 37. Kh4 Qg5+ 38. Kh3 Rh1# 0-1

[Event "Recoltes"]
[Site "Montreal CAN"]
[Date "1988.09.25"]
[Round "4"]
[White "Charest, Johanne"]
[Black "Thibault, Mario"]
[Result "1-0"]
[WhiteElo "1355"]
[BlackElo "1492"]
[PlyCount "67"]
[GameId "2160767912520296"]
[EventDate "1988.09.23"]
[EventType "swiss"]
[EventRounds "5"]
[EventCountry "CAN"]

1. e4 c5 2. Nf3 d6 3. d4 cxd4 4. Nxd4 Nf6 5. Nc3 g6 6. Be2 Bg7 7. Be3 Nc6 8. Qd2 O-O 9. f4 Ng4 10. Bxg4 Bxg4 11. h3 Bd7 12. g4 e5 13. Nxc6 Bxc6 14. f5 f6 15. fxg6 hxg6 16. O-O-O Rf7 17. h4 Rd7 18. h5 g5 19. Qh2 Bh6 20. Rhf1 Rf7 21. Qf2 Qe7 22. Qf5 Kf8 23. Qg6 Ke8 24. Qxh6 Kd8 25. Qg6 Bd7 26. Qg8+ Be8 27. Nd5 Qe6 28. Qg6 Rf8 29. Qf5 Qg8 30. h6 Bd7 31. Qf3 f5 32. gxf5 g4 33. Qg3 Bxf5 34. Qh4+ 1-0

[Event "Recoltes"]
[Site "Montreal CAN"]
[Date "1988.09.25"]
[Round "5"]
[White "Moore, Ronald"]
[Black "Charest, Johanne"]
[Result "1-0"]
[WhiteElo "1573"]
[BlackElo "1355"]
[PlyCount "57"]
[GameId "2160767912520297"]
[EventDate "1988.09.23"]
[EventType "swiss"]
[EventRounds "5"]
[EventCountry "CAN"]

1. e4 e5 2. Bc4 Nf6 3. d4 exd4 4. Nf3 Bb4+ 5. Bd2 Bxd2+ 6. Nbxd2 d6 7. Nxd4 O-O 8. O-O d5 9. exd5 Nxd5 10. N2f3 Nf4 11. Ne2 Nxe2+ 12. Bxe2 Nc6 13. Bb5 Ne7 14. Qe2 Ng6 15. Rad1 Qf6 16. c3 Bf5 17. Nd4 Nh4 18. Nxf5 Qxf5 19. Bd3 Qg5 20. f4 Qc5+ 21. Qf2 Qxf2+ 22. Rxf2 Ng6 23. g3 Rad8 24. Rfd2 Ne7 25. Bxh7+ Kxh7 26. Rxd8 Rxd8 27. Rxd8 c5 28. Rd7 Nc8 29. Rxb7 1-0

[Event "Rouyn-Noranda CC"]
[Site "Rouyn-Noranda CAN"]
[Date "1988.10.22"]
[Round "1"]
[White "Fortin, Jean-Francois"]
[Black "Gagnon, Fabien"]
[Result "0-1"]
[WhiteElo "1300"]
[BlackElo "1746"]
[PlyCount "30"]
[GameId "2160767912520245"]
[EventDate "1988.10.22"]
[EventType "swiss"]
[EventRounds "4"]
[EventCountry "CAN"]

1. e4 c6 2. Nc3 d5 3. d3 e5 4. d4 dxe4 5. Nxe4 exd4 6. Nf3 Bb4+ 7. Bd2 Qe7 8. c3 dxc3 9. bxc3 Qxe4+ 10. Be3 Bxc3+ 11. Nd2 Bg4 12. f3 Qxe3+ 13. Be2 Nf6 14. fxg4 Nxg4 15. Kf1 Qf2# 0-1

[Event "Rouyn-Noranda CC"]
[Site "Rouyn-Noranda CAN"]
[Date "1988.10.22"]
[Round "2"]
[White "Gagnon, Fabien"]
[Black "Maure, Sebastien"]
[Result "1-0"]
[WhiteElo "1746"]
[BlackElo "1520"]
[PlyCount "69"]
[GameId "2160767912520246"]
[EventDate "1988.10.22"]
[EventType "swiss"]
[EventRounds "4"]
[EventCountry "CAN"]

1. d4 d5 2. Nf3 Bf5 3. c4 e6 4. Nc3 Nf6 5. Bg5 Nbd7 6. cxd5 exd5 7. Nxd5 Be4 8. Nxf6+ Nxf6 9. e3 Bxf3 10. gxf3 Bb4+ 11. Ke2 Qd7 12. Bxf6 Qb5+ 13. Qd3 Qxd3+ 14. Kxd3 gxf6 15. a3 Bd6 16. b4 Rg8 17. f4 O-O-O 18. Bh3+ Kb8 19. Bf5 Rg7 20. Rag1 Rdg8 21. Rg3 h5 22. Rhg1 Bf8 23. Bh7 h4 24. Bxg8 hxg3 25. Rxg3 b5 26. Rxg7 Bxg7 27. Bxf7 Kb7 28. e4 f5 29. e5 a5 30. Be6 Bf8 31. Kc3 axb4+ 32. axb4 c6 33. Bxf5 Kc7 34. Be4 Kd7 35. f5 1-0

[Event "Rouyn-Noranda CC"]
[Site "Rouyn-Noranda CAN"]
[Date "1988.10.23"]
[Round "3"]
[White "Lesage, Pierre"]
[Black "Gagnon, Fabien"]
[Result "0-1"]
[WhiteElo "1560"]
[BlackElo "1746"]
[PlyCount "36"]
[GameId "2160767912520247"]
[EventDate "1988.10.22"]
[EventType "swiss"]
[EventRounds "4"]
[EventCountry "CAN"]

1. e4 c5 2. Nf3 Nc6 3. d4 cxd4 4. Nxd4 Nf6 5. Nc3 g6 6. Be3 Bg7 7. f3 O-O 8. Qd2 d5 9. exd5 Nxd5 10. Nxd5 Qxd5 11. c4 Qe5 12. f4 Qf6 13. Rd1 Bg4 14. Nxc6 bxc6 15. Be2 Bxe2 16. Kxe2 e5 17. fxe5 Qxe5 18. Qd4 Qh5+ 0-1

[Event "Rouyn-Noranda CC"]
[Site "Rouyn-Noranda CAN"]
[Date "1988.10.23"]
[Round "4"]
[White "Leclerc, Rene"]
[Black "Gagnon, Fabien"]
[Result "0-1"]
[WhiteElo "1600"]
[BlackElo "1746"]
[PlyCount "70"]
[GameId "2160767912520248"]
[EventDate "1988.10.22"]
[EventType "swiss"]
[EventRounds "4"]
[EventCountry "CAN"]

1. d4 Nf6 2. c4 e6 3. Nc3 Bb4 4. Bd2 c5 5. Nf3 O-O 6. e3 d5 7. Bd3 Nc6 8. a3 Bxc3 9. bxc3 b6 10. O-O Ba6 11. Qa4 Na5 12. Ne5 Rc8 13. cxd5 Bxd3 14. Nxd3 exd5 15. dxc5 bxc5 16. Ne5 Ne4 17. Be1 c4 18. Nd7 Re8 19. Rd1 Nc5 20. Nxc5 Rxc5 21. f3 Nb3 22. e4 Ra5 23. Qb4 Qa8 24. Bg3 Qc6 25. exd5 Rxd5 26. Rde1 Red8 27. Qe7 h6 28. Qxa7 Ra8 29. Qe7 Rd7 30. Qe4 Qxe4 31. Rxe4 Nd2 32. Rd4 Rxd4 33. cxd4 Nxf1 34. Kxf1 Rxa3 35. Bd6 Rd3 0-1

[Event "Saint John op"]
[Site "Saint John CAN"]
[Date "1988.??.??"]
[Round "?"]
[White "Locke, Cameron"]
[Black "MacDonald, Jonathan"]
[Result "1-0"]
[WhiteElo "2117"]
[BlackElo "1655"]
[PlyCount "87"]
[GameId "2160767912586995"]
[EventDate "1988.01.30"]
[EventType "swiss"]
[EventRounds "5"]
[EventCountry "CAN"]
[SourceTitle "CFC 1989.02"]

1. d4 Nf6 2. c4 e6 3. Nf3 d5 4. cxd5 exd5 5. Nc3 Be7 6. Bg5 Bf5 7. e3 c6 8. Ne5 Nbd7 9. Bd3 Bxd3 10. Nxd3 O-O 11. O-O Re8 12. Qc2 Bd6 13. h3 Qc7 14. Rac1 Rac8 15. Bf4 Bxf4 16. Nxf4 Qd6 17. Qf5 Nf8 18. Nb5 Qb8 19. Nc3 Ne6 20. Nce2 Nxf4 21. Nxf4 Ne4 22. Qg4 Nf6 23. Qh4 Re4 24. g4 h6 25. g5 hxg5 26. Qxg5 Nh7 27. Qg2 Qd6 28. Kh1 Qh6 29. Nxd5 Ng5 30. Nf4 Rxf4 31. exf4 Nxh3 32. Qh2 Qe6 33. Kg2 Qg4+ 34. Kh1 Qf3+ 35. Qg2 Qh5 36. Rc3 Nxf4+ 37. Qh2 Qd5+ 38. f3 Qxd4 39. Re1 g6 40. Rce3 Kg7 41. Re4 Qb6 42. Rxf4 Rh8 43. Rxf7+ Kxf7 44. Qxh8 1-0

[Event "Saint John op-1"]
[Site "Saint John CAN"]
[Date "1988.??.??"]
[Round "?"]
[White "Akhsharumova, Anna"]
[Black "Ermenkov, Evgenij"]
[Result "0-1"]
[WhiteElo "2385"]
[BlackElo "2480"]
[PlyCount "116"]
[GameId "2160767912587039"]
[EventDate "1988.01.24"]
[EventType "swiss"]
[EventRounds "9"]
[EventCountry "CAN"]
[SourceTitle "CBM 006"]
[Source "ChessBase"]
[SourceDate "2004.01.01"]
[SourceVersion "1"]
[SourceVersionDate "2004.01.01"]
[SourceQuality "1"]

1. d4 d6 2. c4 e5 3. dxe5 dxe5 4. Qxd8+ Kxd8 5. Nc3 Be6 6. e3 c6 7. Nf3 f6 8. Be2 Nd7 9. Bd2 a5 10. b3 Ba3 11. O-O Nh6 12. Ne1 Kc7 13. Nc2 Be7 14. Na4 Nf7 15. a3 Rhd8 16. Rfc1 Bf5 17. Bc3 Ng5 18. f3 Nc5 19. Nxc5 Bxc5 20. Kf2 Ne6 21. Ne1 Bg6 22. b4 Be7 23. g3 axb4 24. axb4 b6 25. Ng2 Kb7 26. Ne1 Nc7 27. Ng2 Bf7 28. g4 Rxa1 29. Rxa1 b5 30. cxb5 Nxb5 31. Be1 g6 32. Kf1 Be6 33. Kf2 f5 34. gxf5 gxf5 35. f4 e4 36. Kf1 Nc7 37. Ra5 Nd5 38. Bc4 Bg8 39. Ra1 Nxb4 40. Bxg8 Rxg8 41. Bxb4 Bxb4 42. Rb1 c5 43. Nh4 Rf8 44. Kf2 Kc6 45. Ke2 Kd5 46. Rg1 c4 47. Rg5 Ke6 48. Rh5 c3 49. Kd1 Rd8+ 50. Kc1 Rd2 51. Rh6+ Kd5 52. Ra6 Rxh2 53. Nxf5 Bc5 54. Ra4 h5 55. Nd4 h4 56. Ra8 h3 57. Rh8 Kc4 58. f5 Kd3 0-1